Zwanglose Geschichten und Bilder (Record no. 4583)

MARC details
000 -CABECERA
campo de control de longitud fija 00817nam a2200253 a 4500
001 - NÚMERO DE CONTROL
campo de control BRCA_4889
005 - FECHA Y HORA DE LA ÚLTIMA TRANSACCIÓN
campo de control 20190320204839.0
008 - DATOS DE LONGITUD FIJA--INFORMACIÓN GENERAL
campo de control de longitud fija 790813s1919----gw-a######---#000-0#ger-#
041 ## - CÓDIGO DE LENGUA
Código de lengua del texto/banda sonora o título independiente ger
044 ## - CÓDIGO DEL PAÍS DE LA ENTIDAD EDITORA/PRODUCTORA
Código MARC del país gw
050 #4 - SIGNATURA TOPOGRÁFICA DE LA BIBLIOTECA DEL CONGRESO
Número de clasificación NC15099
Número de documento/Ítem .Z55 1919
100 1# - ENTRADA PRINCIPAL--NOMBRE DE PERSONA
Nombre de persona Zille, Heinrich
Fechas asociadas al nombre 1858-1929
9 (RLIN) 12389
245 10 - MENCIÓN DE TÍTULO
Título Zwanglose Geschichten und Bilder
Resto del título litographien von H. Zille
Mención de responsabilidad, etc. von Heinrich Zille.
260 ## - PUBLICACIÓN, DISTRIBUCIÓN, ETC.
Lugar de publicación, distribución, etc. Alemania
Nombre del editor, distribuidor, etc. Fritz Gurlitt
Fecha de publicación, distribución, etc. 1919
300 ## - DESCRIPCIÓN FÍSICA
Extensión 1 v. (sin paginación)
Otras características físicas il., [49] h. de láminas
Dimensiones 40 cm.
500 ## - NOTA GENERAL
Nota general Estado físico: caja deteriorada
500 ## - NOTA GENERAL
Nota general Ejemplar numerado 24 de 50 y firmado por el autor
500 ## - NOTA GENERAL
Nota general DD11
650 14 - PUNTO DE ACCESO ADICIONAL DE MATERIA--TÉRMINO DE MATERIA
Término de materia o nombre geográfico como elemento de entrada Humorismo gráfico
Subdivisión geográfica Alemania
9 (RLIN) 12390
650 14 - PUNTO DE ACCESO ADICIONAL DE MATERIA--TÉRMINO DE MATERIA
Término de materia o nombre geográfico como elemento de entrada Caricatura
Subdivisión geográfica Alemania
9 (RLIN) 12391
650 14 - PUNTO DE ACCESO ADICIONAL DE MATERIA--TÉRMINO DE MATERIA
Término de materia o nombre geográfico como elemento de entrada Expresionismo alemán
9 (RLIN) 12392
902 ## - CATALOGADOR
Iniciales GFM
942 ## - ELEMENTOS DE PUNTO DE ACCESO ADICIONAL (KOHA)
Fuente del sistema de clasificación o colocación Library of Congress Classification
Tipo de ítem Koha Libros
Holdings
Estado de retiro Estado de pérdida Estado dañado No para préstamo Localización permanente Ubicación/localización actual Fecha de adquisición Número de inventario Total de préstamos Signatura topográfica completa Código de barras Fecha visto por última vez Precio válido a partir de Tipo de ítem Koha
El ejemplar forma parte de la colección y puede ser consultado según las políticas vigentes.       Biblioteca del Museo Franz Mayer (Rogerio Casas-Alatriste) Biblioteca del Museo Franz Mayer (Rogerio Casas-Alatriste) 15/10/2010 DD11   NC15099 .Z55 1919 (DD11) 4926 22/03/2019 22/03/2019 Libros